Muhtarul hadis

Bibliographic Details
Main Author: Nur, Muhammad (Author)
Format: Book
Published: Surabaya : Bina Ilmu , 1987
Subjects:

MARC

LEADER 00000cam a2200000 7i4500
001 0000004395
005 20040315093000.0
008 021118s1987
090 0 0 |a BP135.A3   |b N87 
100 0 |a Nur, Muhammad ,   |e author 
245 0 0 |a Muhtarul hadis   |c Muhammad Nur 
260 2 |a Surabaya :   |b Bina Ilmu ,   |c 1987 
300 |a 546 ms. ;   |c 22 sm. 
650 0 |a Hadith 
999 |a 1000003125   |b Book   |c OPEN SHELF (30 DAYS)   |e Gong Badak Campus